| 000 | 00455nam a22001697a 4500 | ||
|---|---|---|---|
| 003 | NUST - PNEC | ||
| 005 | 20170116181140.0 | ||
| 008 | 151008b xxu||||| |||| 00| 0 eng d | ||
| 020 | _a0749424044 | ||
| 040 | _cLIBRARY | ||
| 082 | _a658.45 TIE | ||
| 100 |
_914590 _aTierney, Elizabeth P |
||
| 245 |
_a101 ways to better communication _cElizabeth P,Tierney |
||
| 260 | _cc 1998 | ||
| 650 |
_914592 _aBusiness communication _xGeneral |
||
| 942 |
_2ddc _cBK |
||
| 999 |
_c70455 _d70455 |
||